000 00860nam a2200229 i 4500
001 bg
100 1 _aBILIŃSKI, Tadeusz
_d(1932- ).
245 1 0 _aPrawo budowlane wraz z komentarzem i omówieniem :
_bustawy z dnia 7 lipca 1994 r. - prawo budowlane, o zagospodarowaniu przestrzennym /
_cTadeusz Biliński, Robert Dziwiński.
246 1 4 _aNowe prawo budowlane wraz z komentarzem i omówieniem
260 _aBydgoszcz :
_bOficyna Wydawnicza Ośrodka Postępu Organizacyjnego,
_c1994.
300 _a187 s. ;
_c21 cm.
500 _aTyt. okł. : Nowe prawo budowlane wraz z komentarzem i omówieniem.
650 9 _aBudownictwo
_xprawo
_zPolska
700 1 _aDZIWIŃSKI, Robert
020 _a8385731547
040 _cBPK
041 0 _apol
080 _a349.442(438)
920 _a83-85731-54-7
942 _cKS
008 s pl f |000 0 pol
999 _c30388
_d30388
856 _uhttp://koha.tu.koszalin.pl/cgi-bin/koha/opac-detail.pl?biblionumber=30388
_yKatalog online BPK